Compendium of education studies conducted by P.E.O 1971-83 (Record no. 1458168)

MARC details
000 -LEADER
fixed length control field 00591nam a2200205Ia 4500
005 - DATE AND TIME OF LATEST TRANSACTION
control field 20250923150002.0
008 - FIXED-LENGTH DATA ELEMENTS--GENERAL INFORMATION
fixed length control field 008 250917s9999 xx 000 0 eng d
037 ## - SOURCE OF ACQUISITION
Stock number Textual
040 ## - CATALOGING SOURCE
Original cataloging agency DSWL
Language of cataloging eng
Transcribing agency DSWL
041 ## - LANGUAGE CODE
Language code of text/sound track or separate title eng
Source of code eng
084 ## - COLON CLASSIFICATION NUMBER
Classification number X:75x2'N83<--N71, N98.2
Assigning agency DSWL
245 #0 - TITLE STATEMENT
Title Compendium of education studies conducted by P.E.O 1971-83
Statement of responsibility, etc. by P.E.O.India
260 ## - PUBLICATION, DISTRIBUTION, ETC.
Place of publication, distribution, etc. New Delhi
Name of publisher, distributor, etc. Author
Date of publication, distribution, etc. 1998
300 ## - PHYSICAL DESCRIPTION
Extent viii,228 p.
365 ## - TRADE PRICE
Price amount Gift
490 ## - SERIES STATEMENT
Volume/sequential designation 2nd
925 ## -
-- Gift
942 ## - ADDED ENTRY ELEMENTS (KOHA)
Koha item type Textual
Classification part X:75x2'N83<--N71, N98.2
Holdings
Withdrawn status Lost status Damaged status Not for loan Home library Current library Date acquired Total Checkouts Full call number Barcode Date last seen Price effective from Koha item type
        Department of Social Work Library Department of Social Work Library 2025-09-23   X:75x2'N83<--N71, N98.2 SW0026532 2025-09-23 2025-09-23 Textual
Copyright @ Delhi University Library System